Journal of Applied Mathematics, Statistics and Informatics

Enregistré dans:
Détails bibliographiques
Format: Publication en série
Langue:anglais
Publié: Trnava Faculty of Natural Sciences The University of St. Cyril and Metod
Sujets:
Tags: Ajouter un tag
Pas de tags, Soyez le premier à ajouter un tag!

MARC

LEADER 00000nas1a2200000$$$4500
001 0111850
005 20250627102836.4
022 |a 1336-9180 
022 |a 1339-0015 
041 0 |a eng 
044 |a SK 
245 1 0 |a Journal of Applied Mathematics, Statistics and Informatics 
264 1 |a Trnava  |b Faculty of Natural Sciences The University of St. Cyril and Metod 
610 2 0 |a matematika aplikovaná 
610 2 0 |a štatistika 
610 2 0 |a informatika ekonomická 
610 2 0 |a modely ekonomicko-matematické